| 000 | 00786cab a2200181 4500 | ||
|---|---|---|---|
| 001 | WB2610-10 | ||
| 008 | 090401t1990 xxu||||| |||| 00| 0 eng d | ||
| 035 | _a(Sirsi) u3369 | ||
| 041 | _aeng | ||
| 245 | _aCompulsory powers exercised | ||
| 260 | _c1990 | ||
| 350 | _a0 | ||
| 490 |
_aTimes _v2/3/90 p4 |
||
| 520 | _aIn Westminster CC v Qureschi and another ChD 22 February 1990 it was held that compulsory purchase powers were duly exercised within the requisite period of three years from the date on which compulsory purchase orders became operative, by service of notices under Compulsory Purchase (Vesting Declarations) Act 1981. | ||
| 690 | _aENVIRONMENTAL AND LAND CONSULTANCY-PLANNING AND DEVELOPMENT-COMPULSORY PURCHASE AND COMPENSATION | ||
| 942 | _n0 | ||
| 948 | _c04/03/1997 | ||
| 999 |
_c2066 _d2066 |
||